header

The usurer's daughter (Record no. 71581)

MARC details
000 -LEADER
fixed length control field 01616nam a2200397Ia 4500
100 1# - MAIN ENTRY--AUTHOR NAME
Personal name Hutson, Lorna.
245 14 - TITLE STATEMENT
Title The usurer's daughter
260 ## - PUBLICATION, DISTRIBUTION, ETC. (IMPRINT)
Place of publication London ;
-- New York :
Name of publisher Routledge,
Year of publication 1994.
300 ## - PHYSICAL DESCRIPTION
Number of Pages x, 295 p.
650 #0 - SUBJECT ADDED ENTRY--TOPICAL TERM
Topical Term English literature
Topical Term Women and literature
Topical Term English literature
Topical Term Masculinity in literature.
Topical Term Friendship in literature.
Topical Term Sex role in literature.
Topical Term Humanists
Topical Term Men in literature.
856 40 - ELECTRONIC LOCATION AND ACCESS
Uniform Resource Identifier http://site.ebrary.com/lib/rucke/Doc?id=10057304

No items available.

© 2026 Rongo University
Contact us: librarian | system librarian | Rongo university